| 000 | 00475nam a2200169 i 4500 | ||
|---|---|---|---|
| 001 | 86958 | ||
| 003 | ES-MaACL | ||
| 005 | 20230906175547.0 | ||
| 007 | t| | ||
| 008 | 041217s1973 sp ||||1| spa d | ||
| 100 | 1 |
_aKoning, Frederick. _968557 |
|
| 245 | 1 | 0 |
_aAlexandrien / _cFrederik Koning ; [versión K.M. ContÃ]. |
| 260 |
_aBarcelona : _bGEA, _c[1973] |
||
| 300 |
_a121 p. ; _c18 cm. |
||
| 700 | 1 |
_aConti, Karla Marianne. _940290 |
|
| 852 |
_aES-MaACL _jC-54558 _bR.87180 |
||
| 999 |
_c86958 _d86958 |
||